Olympique Lyonnais - Tous les joueurs (2010-2020) - Statistiques

Statistiques générales
  • Ce quiz a été pris 5 983 fois
  • Le résultat moyen est 50 sur 107
Statistiques - réponses
Saisons Nationalité Joueur Nb de matchs % Correct
2012-2020 Portugal Anthony Lopes 240
98%
2013-2014 Portugal Miguel Lopes 19
97%
2010-2017 France Alexandre Lacazette 202
96%
2013-2019 France Nabil Fekir 145
91%
2016-2020 Pays-Bas Memphis Depay 103
90%
2018-2019 France Yassin Fekir 1
90%
2013-2017 France Corentin Tolisso 116
89%
2010-2017 France Maxime Gonalons 227
84%
2014-2020 Côte d'Ivoire Maxwel Cornet 147
84%
2016-2020 France Houssem Aouar 97
81%
2010-2013 Argentine Lisandro Lopez 86
81%
2017-2020 Burkina Faso Bertrand Traoré 88
79%
2010-2012 Bosnie-Herzégovine Miralem Pjanic 33
79%
2018-2020 Belgique Jason Denayer 56
76%
2017-2020 Brésil Fernando Marçal 41
75%
2015-2019 Madagascar Jérémy Morel 105
75%
2011-2016 France Samuel Umtiti 131
75%
2019-2020 France Maxence Caqueret 8
70%
2018-2020 France Moussa Dembélé 60
70%
2019-2020 Cameroun Karl Toko-Ekambi 8
69%
2018-2020 France Léo Dubois 41
69%
2010-2014 France Bafétimbi Gomis 141
67%
2017-2019 Rép. Dominicaine Mariano 37
67%
2010-2013 Brésil Cris 43
66%
2010-2013 France Hugo Lloris 75
66%
2017-2020 Pays-Bas Kenny Tete 53
66%
2019-2020 Danemark Joachim Andersen 18
65%
2010-2012 Suède Kim Källström 65
65%
2012-2013, 2014-2017 Algérie Rachid Ghezzal 86
65%
2011-2016 Burkina Faso Bakary Koné 89
64%
2011-2012 Mali Sidy Koné 2
64%
2010-2015 France Yoann Gourcuff 90
64%
2019-2020 Mali Youssouf Koné 9
64%
2010-2014 France Rémy Vercoutre 40
63%
2010-2018 France Clément Grenier 113
62%
2012-2019 France Jordan Ferri 161
62%
2017-2019 France Tanguy Ndombele 66
62%
2015-2018 Espagne Sergi Darder 51
61%
2014-2017 France Christophe Jallet 68
60%
2019-2020 France Rayane Cherki 6
59%
2019-2020 Brésil Bruno Guimaraes 3
58%
2015-2020 Brésil Rafael 102
58%
2017-2019 France Ferland Mendy 57
57%
2015-2017 France Mathieu Valbuena 56
57%
2010-2013 Brésil Michel Bastos 66
57%
2012-2016 Serbie Milan Bisevac 76
57%
2019-2020 Brésil Thiago Mendes 22
57%
2010-2013 France Anthony Réveillère 95
56%
2010-2013 Croatie Dejan Lovren 64
56%
2017-2020 Brésil Marcelo 85
55%
2016-2017 Pologne Maciej Rybus 18
54%
2017-2018, 2019-2020 France Amine Gouiri 8
51%
2019-2020 Roumanie Ciprian Tatarusanu 2
50%
2015-2020 France Lucas Tousart 113
49%
2013-2016 Cameroun Henri Bedimo 81
48%
2012-2016 France Steed Malbranque 93
47%
2015-2018 France Mapou Yanga-Mbiwa 54
45%
2013-2014, 2015-2019 France Mathieu Gorgelin 12
45%
2016-2017 Argentine Emanuel Mammana 17
44%
2012-2015 Cameroun Clinton N'Jie 37
41%
2010-2011 Cameroun Jean II Makoun 13
40%
2016-2017 Cameroun Nicolas Nkoulou 13
39%
2010-2011 France Jérémy Toulalan 28
38%
2010-2011 Argentine César Delgado 19
37%
2010-2014 France Jimmy Briand 110
37%
2011-2015 France Gueïda Fofana 72
36%
2016-2018 France Mouctar Diakhaby 34
36%
2018-2020 France Martin Terrier 54
35%
2019-2020 France Melvin Bard 1
34%
2012-2013 France Anthony Martial 3
33%
2019-2020 France Jeff Reine-Adélaïde 14
33%
2011-2015 Algérie Yassine Benzia 38
32%
2010-2013 France Aly Cissokho 62
31%
2019-2020 Brésil Jean Lucas 11
30%
2017-2019 Sénégal Pape Cheikh Diop 13
30%
2017-2018 Luxembourg Christopher Martins Pereira 2
29%
2015-2016 France Claudio Beauvue 19
29%
2015-2017 France Aldo Kalulu 14
26%
2012-2016 Rép. dém. du Congo Arnold Mvuemba 59
25%
2013-2015 Algérie Mehdi Zeffane 12
25%
2010-2012 Brésil Ederson 23
24%
2011-2015 France Mouhamadou Dabo 68
24%
2012-2015 France Farès Bahlouli 9
22%
2013-2015 France Gaël Danic 11
21%
2014-2016 France Lindsay Rose 16
21%
2012-2014 France Alassane Pléa 7
19%
2015-2016 France Gaëtan Perrin 3
19%
2017-2018 France Willem Geubbels 2
19%
2011-2012 Algérie Ishak Belfodil 7
17%
2014-2015 Guinée Mohamed Yattara 21
17%
2017-2018 France Myziane Maolida 13
17%
2010-2013 France Jérémy Pied 40
16%
2012-2013 Argentine Fabian Monzon 5
15%
2016-2017 France Jean-Philippe Mateta 2
13%
2010-2011 Sénégal Pape Diakhaté 24
13%
2015-2016 France Romain Del Castillo 2
13%
2013-2014 France Naby Sarr 2
12%
2018-2019 France Leeny Pintor 1
11%
2011-2012 Ghana John Mensah 1
10%
2010-2011 France Lamine Gassama 4
10%
2018-2020 France Oumar Solet 2
10%
2015-2017 France Olivier Kemen 4
9%
2010-2012 France Harry Novillo 2
7%
2010-2012 France Timothée Kolodziejczak 9
7%
2010-2011 France Enzo Reale 1
5%
2016-2017 France Jordy Gaspar 2
5%
2015-2016 France Zakarie Labidi 3
5%
Aucun quiz correspondant
Distribution des résultats
% des personnes avec chaque résultat
Percentile par nombre de réponses
Votre historique - résultats
Vous n’avez pas pris ce quiz